| 000 | 00760nam a2200217 a 4500 | ||
|---|---|---|---|
| 999 |
_c7734 _d7734 |
||
| 001 | 7734 | ||
| 003 | BD-JhCC | ||
| 005 | 20180311101931.0 | ||
| 008 | 180213b2002 bg |||| ||a| 000 0 ben d9848193310 | ||
| 035 | _a(BD-JhCC) 7734 | ||
| 040 |
_aBD-JhCC _dBD-JhCC |
||
| 041 | _aben | ||
| 082 |
_a320 _bHAQ 2002 |
||
| 100 | _aহক, আবুল কাসেম ফজলুল | ||
| 245 |
_aরাজনীতি ও সংস্কৃতি সম্ভাবনার নব দিগন্ত / _cআবুল কাসেম ফজলুল হক |
||
| 260 |
_aঢাকা : _bএ্যাডর্ন পাবলিকেশন ঢাকা , _c2002 |
||
| 300 |
_a143 p .: _c22 cm |
||
| 650 | _aPolitical Science | ||
| 942 |
_2ddc _cBK |
||